LIBRARY & INFORMATION CENTRE, KCAET, TAVANUR

ONLINE PUBLIC ACCESS CATALOGUE (OPAC)

On the Heights: An Anthology of Prose / (Record no. 11367)

MARC details
000 -LEADER
fixed length control field 00272cam a2200109ua 4500
082 ## - DEWEY DECIMAL CLASSIFICATION NUMBER
Classification number 824
Item number KRI/ON
100 ## - MAIN ENTRY--AUTHOR NAME
Personal name S. Krishnankutty .
245 ## - TITLE STATEMENT
Title On the Heights: An Anthology of Prose /
260 ## - PUBLICATION, DISTRIBUTION, ETC. (IMPRINT)
Place of publication :
Name of publisher Orient longman ,
Year of publication 1971.
300 ## - PHYSICAL DESCRIPTION
Number of Pages 144 ; .
942 ## - ADDED ENTRY ELEMENTS (KOHA)
Koha item type Books
Holdings
Withdrawn status Lost status Damaged status Home library Current library Date acquired Full call number Accession Number Koha item type
Withdrawn     KAUAET Sanskrit University 07/04/2012 824 13288 Books
free website counter